| 000 | 01775cam a22003371i 4500 | ||
|---|---|---|---|
| 003 | SA-RiAUC | ||
| 005 | 20241028142654.0 | ||
| 008 | 241027s1992 le g b 00110 ara c | ||
| 040 |
_aSA-JeALM _bara _cSA-RiAUC _erda |
||
| 082 | 0 | 4 |
_a229.4168 _qSA-RiAUC |
| 090 |
_a229.4168 _bا ب ن ح |
||
| 100 | 1 |
_aالناصح ابن الحنبلي، عبد الرحمن بن نجم بن عبد الوهاب، _d554-634 هجري _eمؤلف. |
|
| 245 | 1 | 0 |
_aكتاب استخراج الجدال من القرآن الكريم / _cتصنيف ناصح الدين عبد الرحمن بن نجم المعروف بابن الحنبلي ؛ ضبط نصه وعلق عليه وخرج أحاديثه محمد صبحي حسن حلاق. |
| 246 | 3 | 0 | _aاستخراج الجدال من القرآن الكريم |
| 250 | _aالطبعة الأولى. | ||
| 264 | 1 |
_aبيروت : _bمؤسسة الريان، _c1992 |
|
| 300 |
_a160 صفحة ؛ _c24 سم |
||
| 336 |
_aنص _btxt _2rdacontent _3كتاب |
||
| 337 |
_aبدون وسيط _bn _2rdamedia |
||
| 338 |
_aمجلد _bnc _2rdacarrier |
||
| 500 | _aكشافات بأوائل آيات القرآن الكريم : صفحة 135-160. | ||
| 504 | _aيشتمل على إرجاعات ببليوجرافية. | ||
| 590 | _aحميد. | ||
| 630 | 2 | 7 |
_aالقرآن _xعلوم _2aucut |
| 650 | 7 |
_aالحوار في القرآن _2aucsh |
|
| 650 | 7 |
_aعلم الكلام _2aucsh |
|
| 700 | 1 |
_aحلاق، محمد صبحي حسن، _d1954-2017 _eمراجع. |
|
| 700 | 1 | 2 |
_iتحقيق لـ (عمل) : _aالناصح ابن الحنبلي، عبد الرحمن بن نجم بن عبد الوهاب، _d554-634 هجري. _tاستخراج الجدال من القرآن الكريم. |
| 942 |
_2ddc _cBOOK _n0 |
||
| 949 |
_aSA-JeALM _d241027 _umohamedma123 _n1 |
||
| 999 |
_c1832 _d1832 |
||